Manual práctico para producción audiovisual
I tiakina i:
| Kaituhi matua: | |
|---|---|
| Hōputu: | Pukapuka |
| Reo: | Pāniora |
| I whakaputaina: |
Barcelona
Gedisa S. A
1999
|
| Putanga: | 1a. ed |
| Rangatū: | Multimedia, 18
|
| Ngā marau: | |
| Ngā Tūtohu: |
Tāpirihia he Tūtohu
Kāore He Tūtohu, Me noho koe te mea tuatahi ki te tūtohu i tēnei pūkete!
|
MARC
| LEADER | 00000cam a2200000 a 4500 | ||
|---|---|---|---|
| 001 | UCC5847 | ||
| 003 | CL-VaPUC | ||
| 008 | 181031e19990000sp |||||||||||||||||spa|d | ||
| 020 | |a 8474326842 | ||
| 082 | 0 | 4 | |a 302.734 |b SIM |2 21 |
| 100 | 0 | |a Simpson, Robert S |e author |9 600251 | |
| 245 | 1 | 0 | |a Manual práctico para producción audiovisual |
| 250 | |a 1a. ed | ||
| 300 | |a 477 p | ||
| 942 | |c BK | ||
| 945 | |d 20181031 17:21:00 |a dcastane | ||
| 260 | |a Barcelona |b Gedisa S. A |c 1999 | ||
| 650 | 0 | |a Medios audiovisuales |9 269063 | |
| 650 | 0 | |a Comunicación audiovisual |9 268089 | |
| 583 | |a last modification |c 20181031 17:21:00 |k Rodrigo Vera | ||
| 490 | 0 | |a Multimedia, 18 | |
| 999 | |c 372956 |d 372954 | ||
| 952 | |0 0 |1 0 |3 erb |4 0 |6 302_734000000000000_SIM_1999 |7 0 |8 A |9 490848 |a BIBCUR |b BIBCUR |i 5511593 |o 302.734 SIM 1999 |p 5511593 |r 2025-04-22 |w 2019-11-24 |y BK |z Catalogado en:20181031 |k PER | ||